[Event "Arandjelovac ASK-3 IM"]
[Site "Arandjelovac"]
[Date "2021.12.21"]
[Round "4"]
[White "Pikula, Dejan"]
[Black "Ozguner, Hakki Ata"]
[Result "0-1"]
[WhiteElo "2351"]
[BlackElo "2165"]
[PlyCount "64"]
[EventDate "2021.12.19"]
[EventType "tourn"]
[EventRounds "9"]
[EventCountry "SRB"]
[SourceTitle "CBM 205 Extra"]
[Source "ChessBase"]
[SourceDate "2022.01.31"]
[SourceVersion "1"]
[SourceVersionDate "2022.01.31"]
[SourceQuality "1"]

1. d4 Nf6 2. Nf3 g6 3. e3 Bg7 4. Be2 0-0 5. 0-0 d6 6. c4 Nbd7 7. Nc3 e5 8. Qc2 Re8 9. Rd1 e4 10. Nd2 Qe7 11. b4 Nf8 12. a4 Bf5 13. b5 h5 14. Ba3 Ne6 15. Nf1 h4 16. c5 h3 17. g3 Ng5 18. Nd2 Bh6 19. Re1 Qe6 20. b6 axb6 21. cxd6 cxd6 22. Nb5 Rac8 23. Qa2 Rc6 24. Qxe6 Bxe6 25. Nxd6 Rd8 26. Nb5 Bf8 27. Bxf8 Kxf8 28. Na3 Bg4 29. Bb5 Rc3 30. Reb1 Rdc8 31. Bc4 Bf5 32. Rb5 Ne6 0-1

[Event "TUR Cup"]
[Site "Antalya"]
[Date "2020.01.31"]
[Round "9"]
[White "Ozer, Omer Faruk"]
[Black "Ozguner, Hakki Ata"]
[Result "1/2-1/2"]
[WhiteElo "2338"]
[BlackElo "2077"]
[PlyCount "53"]
[EventDate "2020.01.26"]
[EventType "swiss"]
[EventRounds "11"]
[EventCountry "TUR"]
[SourceTitle "CBM 194 Extra"]
[Source "ChessBase"]
[SourceDate "2020.03.31"]
[SourceVersion "1"]
[SourceVersionDate "2020.03.31"]
[SourceQuality "1"]

1. e4 c5 2. Nf3 e6 3. d3 Nc6 4. g3 g6 5. Bg2 Bg7 6. 0-0 Nf6 7. c3 0-0 8. e5 Nd5 9. Re1 d6 10. exd6 Qxd6 11. Nbd2 b6 12. a4 Bb7 13. a5 Rad8 14. Nc4 Qc7 15. axb6 axb6 16. Qb3 Ra8 17. Bd2 Ba6 18. Ng5 b5 19. Ne3 c4 20. dxc4 bxc4 21. Qa4 Ne5 22. Nxd5 exd5 23. Bf4 h6 24. Nf3 Nxf3+ 25. Bxf3 Qb6 26. Qd7 Bc8 27. Qxd5 1/2-1/2

[Event "Ankara Baskent Univ op 4th"]
[Site "Ankara"]
[Date "2019.06.22"]
[Round "9"]
[White "Ozguner, Hakki Ata"]
[Black "Makaraci, Tunahan"]
[Result "1/2-1/2"]
[WhiteElo "2153"]
[BlackElo "1963"]
[PlyCount "48"]
[EventDate "2019.06.17"]
[EventType "swiss"]
[EventRounds "9"]
[EventCountry "TUR"]
[SourceTitle "CBM 191 Extra"]
[Source "ChessBase"]
[SourceDate "2019.09.30"]
[SourceVersion "1"]
[SourceVersionDate "2019.09.30"]
[SourceQuality "1"]

1. d4 Nf6 2. Bf4 d5 3. e3 c5 4. c3 Nc6 5. Nd2 e6 6. Ngf3 Bd6 7. Bg3 0-0 8. Bd3 b6 9. Qe2 Bb7 10. Rd1 Re8 11. Ne5 Qc7 12. Nxc6 Bxc6 13. dxc5 bxc5 14. e4 Bf4 15. 0-0 Bxg3 16. hxg3 Rab8 17. e5 Nd7 18. Nf3 h6 19. Rfe1 Red8 20. g4 Qb7 21. Rd2 Nf8 22. Bb1 Qb5 23. Bd3 Qb7 24. Bb1 Qb5 1/2-1/2

[Event "Ankara Baskent Univ op-A 3rd"]
[Site "Ankara"]
[Date "2018.08.29"]
[Round "4"]
[White "Odeev, Handszar"]
[Black "Ozguner, Hakki Ata"]
[Result "1-0"]
[WhiteElo "2410"]
[BlackElo "1939"]
[PlyCount "51"]
[EventDate "2018.08.27"]
[EventType "swiss"]
[EventRounds "9"]
[EventCountry "TUR"]
[SourceTitle "CBM 187 Extra"]
[Source "ChessBase"]
[SourceDate "2018.11.04"]
[SourceVersion "1"]
[SourceVersionDate "2018.11.04"]
[SourceQuality "1"]

1. e4 c5 2. Nc3 a6 3. d4 cxd4 4. Qxd4 Nc6 5. Qd2 g6 6. b3 Bg7 7. Bb2 d6 8. 0-0-0 Be6 9. Kb1 Nf6 10. Nge2 0-0 11. Nf4 Bd7 12. Nfd5 b5 13. f3 Nxd5 14. exd5 Na7 15. h4 Rc8 16. Ne2 Bxb2 17. Kxb2 Rc5 18. h5 Bf5 19. c3 b4 20. c4 Qa5 21. g4 Qa3+ 22. Ka1 Bd7 23. Qh6 g5 24. Qxg5+ Kh8 25. Qxe7 Re8 26. Qf6+ 1-0

[Event "Ankara Baskent Univ op-A 3rd"]
[Site "Ankara"]
[Date "2018.08.28"]
[Round "3"]
[White "Ozguner, Hakki Ata"]
[Black "Eminov, Orkhan"]
[Result "1-0"]
[WhiteElo "1939"]
[BlackElo "2272"]
[PlyCount "109"]
[EventDate "2018.08.27"]
[EventType "swiss"]
[EventRounds "9"]
[EventCountry "TUR"]
[SourceTitle "CBM 187 Extra"]
[Source "ChessBase"]
[SourceDate "2018.11.04"]
[SourceVersion "1"]
[SourceVersionDate "2018.11.04"]
[SourceQuality "1"]

1. d4 Nf6 2. Bf4 g6 3. Nf3 Bg7 4. e3 c5 5. c3 b6 6. h3 Bb7 7. Be2 0-0 8. 0-0 d6 9. a4 a6 10. Nbd2 Nbd7 11. Nc4 cxd4 12. exd4 Nd5 13. Bh2 Qc7 14. Re1 Bh6 15. Bf1 Rfe8 16. Ne3 Nxe3 17. fxe3 e5 18. e4 Nf6 19. d5 Nd7 20. Kh1 Rf8 21. Bd3 Qd8 22. Bg3 Qe7 23. Bh4 f6 24. Nd2 Nc5 25. Bc2 a5 26. b4 Nd7 27. Bd3 Rfc8 28. Nc4 Ba6 29. b5 Bb7 30. Qf3 Rab8 31. Qg4 Kg7 32. Rf1 Bf4 33. g3 Rxc4 34. Bxc4 Bh6 35. Qe6 Qxe6 36. dxe6 Bxe4+ 37. Kh2 g5 38. Bxg5 Bxg5 39. exd7 f5 40. h4 Be7 41. Rae1 Rf8 42. Rd1 Rd8 43. Be6 Kg6 44. Rd2 h5 45. Rdf2 Rf8 46. Re1 Bd3 47. Bd5 Rd8 48. Rd2 Be4 49. Bxe4 fxe4 50. Rxe4 Kf5 51. Rc4 Rxd7 52. Rc6 e4 53. Rd5+ Kg4 54. Kg2 e3 55. Rc4# 1-0

[Event "Kahramanmaras op 9th"]
[Site "Kahramanmaras"]
[Date "2018.04.08"]
[Round "9"]
[White "Ciblakbas, Sertan"]
[Black "Ozguner, Hakki Ata"]
[Result "0-1"]
[WhiteElo "1686"]
[BlackElo "1929"]
[PlyCount "70"]
[EventDate "2018.04.03"]
[EventType "swiss"]
[EventRounds "9"]
[EventCountry "TUR"]
[SourceTitle "CBM 183 Extra"]
[Source "ChessBase"]
[SourceDate "2018.04.19"]
[SourceVersion "1"]
[SourceVersionDate "2018.04.19"]
[SourceQuality "1"]

1. a3 e5 2. e4 Nc6 3. Nf3 g6 4. Bc4 Bg7 5. d3 Nge7 6. Nc3 0-0 7. Be3 Nd4 8. Bxd4 exd4 9. Ne2 d5 10. Ba2 c5 11. Ng3 b5 12. 0-0 Bb7 13. Re1 Qd7 14. b4 c4 15. e5 Nc6 16. c3 a5 17. a4 dxc3 18. dxc4 Nxb4 19. cxb5 Rfe8 20. Ne2 Qc7 21. b6 Qc5 22. Qd4 Rac8 23. Bb3 Qxd4 24. Nexd4 Nd3 25. Re3 Nxe5 26. Nb5 Nxf3+ 27. gxf3 d4 28. Rxe8+ Rxe8 29. Nd6 Re7 30. Bc2 Bxf3 31. Rb1 Be5 32. Nc4 Bb8 33. Bd3 Be2 34. Bxe2 Rxe2 35. Nxa5 Rb2 0-1

[Event "Kahramanmaras op 9th"]
[Site "Kahramanmaras"]
[Date "2018.04.04"]
[Round "2"]
[White "Ozguner, Hakki Ata"]
[Black "Ozturk, Yavuz"]
[Result "1-0"]
[WhiteElo "1929"]
[BlackElo "1715"]
[PlyCount "69"]
[EventDate "2018.04.03"]
[EventType "swiss"]
[EventRounds "9"]
[EventCountry "TUR"]
[SourceTitle "CBM 183 Extra"]
[Source "ChessBase"]
[SourceDate "2018.04.19"]
[SourceVersion "1"]
[SourceVersionDate "2018.04.19"]
[SourceQuality "1"]

1. e4 e6 2. d4 d5 3. Nc3 Nf6 4. Bg5 Be7 5. e5 Nfd7 6. Bxe7 Qxe7 7. Qg4 f5 8. exf6 Nxf6 9. Qh4 a6 10. Nf3 c5 11. dxc5 Nc6 12. 0-0-0 Qxc5 13. Bd3 0-0 14. Rhe1 Qb4 15. Qxb4 Nxb4 16. Nd4 Re8 17. f4 b5 18. Bf1 Bd7 19. g3 Nc6 20. Bh3 Kf7 21. Nf3 b4 22. Na4 h6 23. Re2 Rab8 24. Nc5 Bc8 25. Rde1 e5 26. Bxc8 Rexc8 27. fxe5 Ng4 28. Nd7 Rb7 29. h3 Ke7 30. Nc5 Rb5 31. Nd3 b3 32. axb3 Rf8 33. Nh4 Rc8 34. hxg4 Nd4 35. Nf5+ 1-0

[Event "TUR Cup										"]
[Site "Antalya"]
[Date "2018.02.02"]
[Round "10"]
[White "Ozguner, Hakki Ata"]
[Black "Sahin, Handenur"]
[Result "1-0"]
[WhiteElo "1821"]
[BlackElo "1965"]
[PlyCount "159"]
[EventDate "2018.01.27"]
[EventType "swiss"]
[EventRounds "11"]
[EventCountry "TUR"]
[SourceTitle "CBM 182 Extra"]
[Source "ChessBase"]
[SourceDate "2018.02.23"]
[SourceVersion "1"]
[SourceVersionDate "2018.02.23"]
[SourceQuality "1"]

1. e4 e5 2. Nf3 Nc6 3. Bc4 Nf6 4. d3 Bc5 5. c3 d6 6. 0-0 a6 7. Bb3 Ba7 8. Nbd2 0-0 9. h3 Be6 10. Re1 Re8 11. Nf1 Bxb3 12. axb3 d5 13. Ng3 Qd7 14. Bg5 dxe4 15. dxe4 Qe6 16. Nh4 Ne7 17. Qf3 Nd7 18. Bxe7 Qxe7 19. Nhf5 Qg5 20. h4 Qf4 21. Qxf4 exf4 22. Nh5 Nc5 23. Nfxg7 Re5 24. Nf5 Nxe4 25. Rxe4 Rxf5 26. Nxf4 Rd8 27. g4 Rb5 28. b4 Rd2 29. Re2 Rxe2 30. Nxe2 c5 31. Ra5 Rxa5 32. bxa5 Bb8 33. Nc1 Bd6 34. Kf1 h5 35. g5 Kg7 36. Ke2 f6 37. gxf6+ Kxf6 38. Kf3 Kf5 39. Ne2 Be7 40. Ng3+ Ke5 41. Nxh5 Bxh4 42. Nf4 Bg5 43. Ng2 Bf6 44. Ne3 Bg5 45. Ke2 Ke4 46. Nc4 Be7 47. f3+ Kf4 48. Nb6 Bd8 49. Nc4 Be7 50. Ne3 Bd8 51. b4 cxb4 52. cxb4 Ke5 53. Kd3 Kf4 54. Ke2 Ke5 55. Nc4+ Kf4 56. Ne3 Ke5 57. Nc4+ Kf4 58. Nb6 Bh4 59. Nd7 Be7 60. Nc5 Bd6 61. Kd3 Bxc5 62. bxc5 Kxf3 63. Kd4 Kf4 64. Kd5 Kf5 65. Kd6 Ke4 66. Kc7 Kd5 67. Kb6 Kc4 68. c6 bxc6 69. Kxa6 Kd4 70. Kb6 c5 71. a6 c4 72. a7 c3 73. a8Q Kd3 74. Qa3 Kd2 75. Kc5 c2 76. Qb2 Kd1 77. Qd4+ Kc1 78. Kb4 Kb1 79. Kb3 c1Q 80. Qd3+ 1-0

[Event "TUR Cup										"]
[Site "Antalya"]
[Date "2018.01.30"]
[Round "6"]
[White "Ozguner, Hakki Ata"]
[Black "Menken, Ekin"]
[Result "1-0"]
[WhiteElo "1821"]
[BlackElo "1635"]
[PlyCount "57"]
[EventDate "2018.01.27"]
[EventType "swiss"]
[EventRounds "11"]
[EventCountry "TUR"]
[SourceTitle "CBM 182 Extra"]
[Source "ChessBase"]
[SourceDate "2018.02.23"]
[SourceVersion "1"]
[SourceVersionDate "2018.02.23"]
[SourceQuality "1"]

1. e4 c5 2. Nf3 d6 3. d4 cxd4 4. Nxd4 Nf6 5. Nc3 a6 6. Bg5 e6 7. Qe2 Qc7 8. 0-0-0 Nbd7 9. f4 b5 10. g4 Bb7 11. Bg2 Be7 12. e5 dxe5 13. fxe5 Nd5 14. Bxe7 Nxc3 15. bxc3 Kxe7 16. Bxb7 Qxb7 17. Rhf1 Raf8 18. Qe3 g6 19. Qg5+ Ke8 20. Nb3 h6 21. Qe3 Qc7 22. Rd6 Ke7 23. Rfd1 Rd8 24. Qf4 Rh7 25. Qb4 Ke8 26. Na5 f5 27. Rxe6+ Kf7 28. Red6 Kg8 29. e6 1-0

[Event "Mersin op 2nd"]
[Site "Mersin"]
[Date "2017.10.23"]
[Round "3"]
[White "Valansi, Avram Alber"]
[Black "Ozguner, Hakki Ata"]
[Result "1-0"]
[WhiteElo "1876"]
[BlackElo "1779"]
[PlyCount "51"]
[EventDate "2017.10.22"]
[EventType "swiss"]
[EventRounds "9"]
[EventCountry "TUR"]
[SourceTitle "CBM 181 Extra"]
[Source "ChessBase"]
[SourceDate "2017.12.12"]
[SourceVersion "1"]
[SourceVersionDate "2017.12.12"]
[SourceQuality "1"]

1. d4 Nf6 2. Nf3 g6 3. g3 Bg7 4. Bg2 0-0 5. 0-0 d6 6. c4 c6 7. Nc3 Bf5 8. Nh4 Be6 9. d5 cxd5 10. cxd5 Bd7 11. h3 Na6 12. e4 Rc8 13. Be3 Nc5 14. Bd4 b5 15. b4 Na6 16. a3 Rc4 17. Rc1 Qc7 18. Re1 Nh5 19. Bxg7 Nxg7 20. Re3 Qb6 21. Bf1 Rc7 22. Ne2 Rfc8 23. Rxc7 Rxc7 24. Nd4 e5 25. dxe6 fxe6 26. Rd3 1-0